000 00285nam a2200109Ia 4500
008 220204s9999 xx 000 0 und d
082 _a929 A/Z(JOH)
_bBOS
100 _aBoswell, James
245 0 _aLife of Samuel Johnson
260 _aChicago
_bEncyclopedia Britanica
_c1952
942 _cBK
999 _c36171
_d36171